| 000 | 01176nam a2200277 i 4500 | ||
|---|---|---|---|
| 001 | 15965 | ||
| 003 | ES-MaACL | ||
| 005 | 20250821111647.0 | ||
| 007 | t| | ||
| 008 | 000529s1998 sp ||||1| spa d | ||
| 020 | _a84-7846-790-4 | ||
| 080 | _a929 Felipe (460) II | ||
| 080 | _a946.0 "1556/1598" | ||
| 100 | 1 |
_aCabrera de Córdoba, Luis, _d1559-1623 _933308 |
|
| 245 | 1 | 0 |
_aHistoria de Felipe II, rey de España / _cLuis Cabrera de Córdoba ; edición José Martínez Millán, Carlos Javier de Carlos Morales. |
| 260 |
_a[Valladolid] : _bJunta de Castilla y León, _c1998. |
||
| 300 |
_a4 v. ; _c29 cm. |
||
| 505 | 8 | _aTit. del vol. IV: Felipe II (1527-1598) : la configuración de la monarquía hispánica / José Martínez Millán, Carlos J. de Carlos Morales (directores) | |
| 600 | 0 | 4 |
_aFelipe _bII, _cRey de España _949175 |
| 651 | 4 |
_aEspaña- _xHistoria- _y1556-1598, Felipe II. _98218 |
|
| 700 | 1 |
_aMartínez Millán, José. _978237 |
|
| 700 | 1 |
_aCarlos Morales, Carlos Javier de, _d1964- _935308 |
|
| 710 | 1 |
_aCastilla y León. _bConsejería de Educación y Cultura. _92500 |
|
| 852 |
_aES-MaACL _jL-23192-95 _bR.128260 |
||
| 999 |
_c15965 _d15965 |
||